000 nam a22 7a 4500
999 _c7332
_d7332
005 20190522035540.0
008 190522b xxu||||| |||| 00| 0 eng d
020 _bpaperback
040 _beng
_cAPEC Schools Library
_erda
082 _aC 248.4
_bSa551y 2002
100 _aSanchez, Bo
245 _aYou have the power to create love /
_cBo Sanchez
264 _aQuezon City :
_bSheperd's Voice Publications,
_c©2002.
300 _a150 pages ;
_c15 cm
336 _2rdacontent
_atext
337 _2rdamedia
_aunmediated
338 _2rdacarrier
_avolume
942 _2ddc
_cNFIC